FUNKCIA ŠTÍTNEJ ŽĽAZY VO VZŤAHU K UKAZOVATEĽOM MÄSOVEJ ÚŽITKOVOSTI U VÝKRMOVÝCH BÝČKOV A VOLČEKOV SLOVENSKÉHO STRAKATÉHO PLEMENA

Bibliographic Details
Main Author: Faško, J. (Author)
Format: Article
Language:Slovak

MARC

LEADER 00000nab a2200000uu 4500
001 vtls011492025
003 SK-MaSNL
005 20260303155822.0
008 230222|1974 xo |||||||||||||||||slo|
015 |a SNBRB 
035 |a (urnnbn)urn:nbn:sk:snk:ar-007mpi 
035 |a (uuid)07533dca-b92f-4e7f-9754-5f5f85bd2ed2 
035 |a urn:nbn:sk:snk-abdguz 
040 |a SNKBUCL  |b slo  |c SNKBUCL  |e AACR2 
041 0 |a slo 
044 |a xo  |c SK 
100 1 |a Faško, J.  |4 aut  |9 1179822 
245 1 0 |a FUNKCIA ŠTÍTNEJ ŽĽAZY VO VZŤAHU K UKAZOVATEĽOM MÄSOVEJ ÚŽITKOVOSTI U VÝKRMOVÝCH BÝČKOV A VOLČEKOV SLOVENSKÉHO STRAKATÉHO PLEMENA  |c J. Faško 
773 0 |t Vedecké práce Výskumného ústavu živočíšnej výroby v Nitre  |g Roč. 12, č. 12 (1974), s. 69-77 
954 |a odborná, vedecká literatúra pôvodná (slovenská)  |2 lita 
958 |a OND 
958 |a EUIPO 
958 |a article18 
999 |c 2042621  |d 2044551